Ogólne informacje o Polsce - Statystyki

Ogólne statystyki
  • Ten quiz został rozwiązany 352 razy
  • Średni wynik to 10 z 22
Statystyki odpowiedzi
Pytanie Odpowiedź % Poprawnych
Stolica Polski teraz Warszawa
100%
Pierwsza stolica Polski Gniezno
98%
Prezydent Andrzej Duda
81%
Napisał "Pana Tadeusza" Adam Mickiewicz
76%
Największa kopalnia soli Wieliczka
74%
Partia rządząca PiS
71%
Stolica województwa kujawsko-pomorskiego Bydgoszcz
60%
Najgłębsze jezioro Hańcza
60%
Przeważają w ukształtowaniu powierzchni Polski Niziny
58%
Wyspa obok Szczecina Wolin
50%
Najwyższy Budynek Pałac Kultury i Nauki
49%
Najwyższa góra Sudet Śnieżka
47%
Najwyższa góra w Górach Świętokrzyski Łysica
29%
Najdłuższa granica Z Czechami
22%
Źródło Wisły Barania Góra
20%
Najniżej położony punkt Raczki Elbląskie
20%
Najmłodszy Park Narodowy Ujście Warty
15%
Ostatni król w dynastii Jagiellonów Zygmunt II August
11%
Jezioro w bieszczadach Jezioro Solińskie
10%
Rzeki na granicy z niemcami Nysa Łużycka i Odra
2%
Największy sztuczny zalew na rzece Jeziorsko
1%
Największy Park Krajobrazowy Dolina Baryczy
0%
Nie znaleziono quizów pasujących do podanych kryteriów
Rozkład punktacji
Procent ludzi z każdym wynikiem
Percentyl według liczby udzielonych odpowiedzi
Twoja historia wyników
Nie rozwiązałeś tego quizu